LEADER 01805oam 2200493M 450 001 9910716131003321 005 20200213070932.3 035 $a(CKB)5470000002518807 035 $a(OCoLC)1065614025 035 $a(OCoLC)995470000002518807 035 $a(EXLCZ)995470000002518807 100 $a20071213d1926 ua 0 101 0 $aeng 135 $aurcn||||||||| 181 $ctxt$2rdacontent 182 $cc$2rdamedia 183 $acr$2rdacarrier 200 10$aLeasing of unallotted irrigable land on Indian Reservations. June 16, 1926. -- Committed to the Committee of the Whole House on the State of the Union and ordered to be printed 210 1$a[Washington, D.C.] :$c[U.S. Government Printing Office],$d1926. 215 $a1 online resource (1 page) 225 1 $aHouse report / 69th Congress, 1st session. House ;$vno. 1509 225 1 $a[United States congressional serial set ] ;$v[serial no. 8534] 300 $aBatch processed record: Metadata reviewed, not verified. Some fields updated by batch processes. 300 $aFDLP item number not assigned. 606 $aFarms 606 $aGrazing 606 $aIndian reservations 606 $aLeases 608 $aLegislative materials.$2lcgft 615 0$aFarms. 615 0$aGrazing. 615 0$aIndian reservations. 615 0$aLeases. 701 $aHayden$b Carl Trumbull$f1877-1972$pDemocrat (AZ)$01386806 801 0$bWYU 801 1$bWYU 801 2$bOCLCO 801 2$bOCLCQ 801 2$bOCLCO 801 2$bOCLCQ 906 $aBOOK 912 $a9910716131003321 996 $aLeasing of unallotted irrigable land on Indian Reservations. June 16, 1926. -- Committed to the Committee of the Whole House on the State of the Union and ordered to be printed$93487494 997 $aUNINA